[Event "Bruges Masters op"]
[Site "Bruges"]
[Date "2016.08.15"]
[Round "3"]
[White "David, Alberto"]
[Black "Tolk, Pieter"]
[Result "1-0"]
[WhiteElo "2561"]
[BlackElo "2134"]
[PlyCount "63"]
[EventDate "2016.08.14"]
[EventType "swiss"]
[EventRounds "9"]
[EventCountry "BEL"]
[SourceTitle "CBM 173 Extra"]
[Source "ChessBase"]
[SourceDate "2016.08.29"]
[SourceVersion "1"]
[SourceVersionDate "2016.08.29"]
[SourceQuality "1"]

1. e4 d5 2. exd5 Qxd5 3. Nc3 Qa5 4. d4 Nf6 5. Nf3 c6 6. Bc4 Bf5 7. Bd2 e6 8. Nd5 Qd8 9. Nxf6+ gxf6 10. 0-0 Nd7 11. Re1 Be7 12. c3 Qc7 13. Nh4 Bg6 14. g3 0-0-0 15. a4 Rhe8 16. a5 Kb8 17. b4 Bd6 18. b5 c5 19. Qa4 b6 20. Bf1 e5 21. Bg2 Bd3 22. Qd1 Bxb5 23. Qf3 e4 24. Qh5 Bd3 25. Nf5 Nf8 26. axb6 axb6 27. Nxd6 Rxd6 28. dxc5 bxc5 29. Bf4 Ng6 30. Bxd6 Qxd6 31. Qd1 Qb6 32. Qa4 1-0

[Event "BEL-chT 1314"]
[Site "Belgium"]
[Date "2014.03.16"]
[Round "11.4"]
[White "Van der Stricht, Geert"]
[Black "Tolk, Pieter"]
[Result "1-0"]
[WhiteElo "2371"]
[BlackElo "2180"]
[PlyCount "77"]
[EventDate "2013.09.22"]
[EventType "team-tourn"]
[EventRounds "11"]
[EventCountry "BEL"]
[SourceTitle "EXT 2015"]
[Source "ChessBase"]
[SourceDate "2014.11.20"]
[SourceVersion "1"]
[SourceVersionDate "2014.11.20"]
[SourceQuality "1"]
[WhiteTeam "KGSRL"]
[BlackTeam "Deurne"]
[WhiteTeamCountry "BEL"]
[BlackTeamCountry "BEL"]

1. d4 Nf6 2. c4 e6 3. Nf3 d5 4. Nc3 Bb4 5. cxd5 exd5 6. Bg5 h6 7. Qa4+ Nc6 8. Bh4 g5 9. Bg3 Ne4 10. Rc1 0-0 11. e3 a6 12. Bd3 Bxc3+ 13. bxc3 Bf5 14. Qd1 f6 15. h4 Kg7 16. Bh2 Qe7 17. 0-0 b5 18. Ne1 Bg6 19. a4 gxh4 20. axb5 axb5 21. Bxb5 Na5 22. c4 c6 23. Bxc6 Nxc6 24. cxd5 Nb8 25. Nd3 Rf7 26. Nf4 f5 27. Ne6+ Kh7 28. Rc8 Nd6 29. Rd8 f4 30. Bxf4 Rxf4 31. exf4 Nf7 32. Re1 Qf6 33. Rf8 Qf5 34. Qf3 Bh5 35. Qe3 Qxd5 36. Nc7 Qd6 37. Qe4+ Kg7 38. Ne6+ Kf6 39. Qxa8 1-0

[Event "BEL-chT 1314"]
[Site "Belgium"]
[Date "2014.01.26"]
[Round "8.5"]
[White "Wantola, Ivo"]
[Black "Tolk, Pieter"]
[Result "1-0"]
[WhiteElo "2351"]
[BlackElo "2180"]
[PlyCount "94"]
[EventDate "2013.09.22"]
[EventType "team-tourn"]
[EventRounds "11"]
[EventCountry "BEL"]
[SourceTitle "EXT 2015"]
[Source "ChessBase"]
[SourceDate "2014.11.20"]
[SourceVersion "1"]
[SourceVersionDate "2014.11.20"]
[SourceQuality "1"]
[WhiteTeam "Fontaine"]
[BlackTeam "Deurne"]
[WhiteTeamCountry "BEL"]
[BlackTeamCountry "BEL"]

1. Nf3 d6 2. d4 Nf6 3. c4 g6 4. Nc3 Bg7 5. e4 0-0 6. Be2 Nbd7 7. 0-0 c6 8. h3 e5 9. d5 c5 10. Ne1 Ne8 11. g4 a6 12. Be3 Kh8 13. a3 Ndf6 14. f3 Ng8 15. Qd2 f5 16. Ng2 Bf6 17. b4 Be7 18. bxc5 dxc5 19. Na4 Qc7 20. Qb2 Ng7 21. Qb6 Qxb6 22. Nxb6 Rb8 23. Rab1 Nf6 24. Bg5 Nxd5 25. cxd5 Bxg5 26. f4 exf4 27. e5 fxg4 28. hxg4 h5 29. gxh5 Bf5 30. Rbe1 Rbe8 31. Nxf4 Bxf4 32. Rxf4 Rxe5 33. Nd7 Bxd7 34. Rxf8+ Kh7 35. hxg6+ Kh6 36. Rh8+ Kg5 37. Rh7 Kf6 38. Rf1+ Rf5 39. Bd3 Rxf1+ 40. Kxf1 b5 41. Ke1 c4 42. Bb1 a5 43. Rh8 b4 44. Rf8+ Ke5 45. axb4 axb4 46. Rf7 Ba4 47. Rxg7 c3 1-0

[Event "BEL-chT 1314"]
[Site "Belgium"]
[Date "2014.01.12"]
[Round "7.5"]
[White "Tolk, Pieter"]
[Black "Decoster, Frederic"]
[Result "0-1"]
[WhiteElo "2180"]
[BlackElo "2280"]
[PlyCount "54"]
[EventDate "2013.09.22"]
[EventType "team-tourn"]
[EventRounds "11"]
[EventCountry "BEL"]
[SourceTitle "EXT 2015"]
[Source "ChessBase"]
[SourceDate "2014.11.20"]
[SourceVersion "1"]
[SourceVersionDate "2014.11.20"]
[SourceQuality "1"]
[WhiteTeam "Deurne"]
[BlackTeam "KBSK Brugge"]
[WhiteTeamCountry "BEL"]
[BlackTeamCountry "BEL"]

1. d4 d5 2. c4 e6 3. Nc3 c5 4. cxd5 exd5 5. dxc5 d4 6. Na4 b5 7. cxb6 axb6 8. b3 b5 9. Nb2 Nf6 10. Nf3 Ne4 11. Nd3 Nc6 12. Bd2 Ba3 13. Qc2 Bd7 14. Rd1 Rc8 15. Qb1 Bf5 16. g3 Nxd2 17. Nxd2 Qd5 18. Rg1 0-0 19. Bg2 Qd6 20. Be4 Bxe4 21. Nxe4 Qe7 22. f3 f5 23. Nd2 Qe3 24. Rg2 Bb4 25. Nf4 Ne5 26. Nd5 Nxf3+ 27. Kf1 Nxd2+ 0-1

[Event "BEL-chT 1213"]
[Site "Belgium"]
[Date "2013.02.03"]
[Round "8.6"]
[White "Begnis, Nikolaos"]
[Black "Tolk, Pieter"]
[Result "1-0"]
[WhiteElo "2286"]
[BlackElo "2153"]
[PlyCount "99"]
[EventDate "2012.09.23"]
[EventType "team-tourn"]
[EventRounds "11"]
[EventCountry "BEL"]
[SourceTitle "EXT 2014"]
[Source "ChessBase"]
[SourceDate "2013.11.20"]
[SourceVersion "1"]
[SourceVersionDate "2013.11.20"]
[SourceQuality "1"]
[WhiteTeam "Rochade"]
[BlackTeam "Deurne"]
[WhiteTeamCountry "BEL"]
[BlackTeamCountry "BEL"]

1. e4 d5 2. exd5 Qxd5 3. Nc3 Qa5 4. d4 Nf6 5. Nf3 c6 6. Bc4 Bf5 7. Bd2 e6 8. Nd5 Qd8 9. Nxf6+ gxf6 10. Qe2 Nd7 11. d5 cxd5 12. Bxd5 Qb6 13. Bb3 Bc5 14. Nh4 Bg6 15. 0-0 0-0-0 16. a4 Bd4 17. a5 Qc7 18. Ra4 Ne5 19. a6 b6 20. Bf4 Rd6 21. Nxg6 hxg6 22. Qe4 Rhd8 23. Bxe5 fxe5 24. c3 Bc5 25. Bc2 Rd2 26. b4 f5 27. Qa8+ Kd7 28. Qf3 b5 29. Raa1 Bb6 30. Bb3 e4 31. Qh3 Qd6 32. Qh7+ Qe7 33. Qxg6 e3 34. fxe3 Bxe3+ 35. Kh1 Qe8 36. Qg7+ Qe7 37. Qe5 f4 38. Rad1 Qd6 39. Rxd2 Bxd2 40. Qxb5+ Ke7 41. Qg5+ Kf7 42. Qf5+ Ke7 43. Qh7+ Kf6 44. Qh6+ Kf7 45. Rd1 Qe5 46. Qh7+ Kf8 47. Qxa7 Rd6 48. Qb8+ Kf7 49. a7 Bxc3 50. Qxd6 1-0

[Event "BEL-chT 1213"]
[Site "Belgium"]
[Date "2012.11.18"]
[Round "4.5"]
[White "Richters, Marc"]
[Black "Tolk, Pieter"]
[Result "0-1"]
[WhiteElo "2075"]
[BlackElo "2153"]
[PlyCount "92"]
[EventDate "2012.09.23"]
[EventType "team-tourn"]
[EventRounds "11"]
[EventCountry "BEL"]
[SourceTitle "CBM 151 Extra"]
[Source "ChessBase"]
[SourceDate "2012.12.18"]
[SourceVersion "1"]
[SourceVersionDate "2012.12.18"]
[SourceQuality "1"]
[WhiteTeam "Eynatten II"]
[BlackTeam "Deurne"]
[WhiteTeamCountry "BEL"]
[BlackTeamCountry "BEL"]

1. e4 d5 2. e5 c5 3. f4 Nc6 4. Nf3 Bf5 5. Be2 e6 6. 0-0 Nge7 7. d4 Nxd4 8. Nxd4 cxd4 9. Qxd4 Nc6 10. Qa4 Qb6+ 11. Kh1 0-0-0 12. c3 g5 13. b4 gxf4 14. Bxf4 Bg7 15. Bg5 Rdg8 16. Rxf5 exf5 17. Qc2 Nxe5 18. Qxf5+ Qe6 19. Qf2 Kb8 20. Na3 Nc6 21. b5 Ne7 22. b6 a6 23. Bh5 Bxc3 24. Bf4+ Ka8 25. Rc1 Rc8 26. Bc7 d4 27. Bxf7 Qf5 28. Qxf5 Nxf5 29. Nc4 Rhf8 30. Bd5 Ne3 31. Bxb7+ Kxb7 32. Nd6+ Kc6 33. Nxc8 Rxc8 34. Be5 Kb7 35. Kg1 Nc4 36. Bc7 Re8 37. Kf2 Nxb6 38. Bf4 Nd5 39. Bg5 Kc6 40. h4 Kb5 41. g4 d3 42. Kf3 d2 43. Bxd2 Bxd2 44. Rd1 Re3+ 45. Kf2 Rd3 46. Ke2 Nf4+ 0-1

[Event "BEL-chT 0506"]
[Site "Belgium"]
[Date "2006.03.26"]
[Round "11"]
[White "Tolk, Pieter"]
[Black "Bauduin, Etienne"]
[Result "1/2-1/2"]
[WhiteElo "2230"]
[BlackElo "2274"]
[PlyCount "51"]
[EventDate "2005.10.09"]
[EventType "team-tourn"]
[EventRounds "11"]
[EventCountry "BEL"]
[SourceTitle "EXT 2007"]
[Source "ChessBase"]
[SourceDate "2006.11.23"]
[SourceVersion "1"]
[SourceVersionDate "2006.11.23"]
[SourceQuality "1"]
[WhiteTeam "Deurne"]
[BlackTeam "Charleroi CREC"]
[WhiteTeamCountry "BEL"]
[BlackTeamCountry "BEL"]

1. d4 e6 2. Nf3 Nf6 3. Bf4 b6 4. e3 Bb7 5. Be2 Be7 6. h3 0-0 7. 0-0 Nd5 8. Bh2 f5 9. c4 Nf6 10. Nc3 Ne4 11. Rc1 d6 12. Nxe4 Bxe4 13. b4 a5 14. b5 Nd7 15. Nd2 Bb7 16. Bf3 Bxf3 17. Qxf3 Kh8 18. a4 e5 19. Qc6 Rc8 20. Rcd1 e4 21. f3 Bg5 22. Rfe1 exf3 23. Qxf3 Qf6 24. Bf4 Bxf4 25. Qxf4 Rce8 26. Qf2 1/2-1/2

[Event "BEL-chT 0506"]
[Site "Belgium"]
[Date "2006.01.08"]
[Round "6"]
[White "Tolk, Pieter"]
[Black "Van den Brande, Werner"]
[Result "1-0"]
[WhiteElo "2230"]
[BlackElo "2219"]
[PlyCount "81"]
[EventDate "2005.10.09"]
[EventType "team-tourn"]
[EventRounds "11"]
[EventCountry "BEL"]
[SourceTitle "EXT 2007"]
[Source "ChessBase"]
[SourceDate "2006.11.23"]
[SourceVersion "1"]
[SourceVersionDate "2006.11.23"]
[SourceQuality "1"]
[WhiteTeam "Deurne"]
[BlackTeam "Borgerhout"]
[WhiteTeamCountry "BEL"]
[BlackTeamCountry "BEL"]

1. d4 Nf6 2. Nf3 g6 3. Bf4 d6 4. e3 Bg7 5. h3 0-0 6. Bd3 c5 7. c3 Nc6 8. 0-0 Be6 9. Nbd2 Qb6 10. Qb1 cxd4 11. exd4 Rac8 12. Re1 a6 13. Bg5 Qa7 14. h4 Bd5 15. Bxf6 Bxf6 16. h5 e5 17. Be4 Ne7 18. Bxd5 Nxd5 19. Ne4 exd4 20. Nxf6+ Nxf6 21. hxg6 hxg6 22. Nxd4 Qb6 23. Qc1 Rfe8 24. Qf4 Nh5 25. Qd2 Re5 26. Nf3 Rf5 27. Re4 Nf6 28. Rb4 Qc7 29. Re1 d5 30. Qh6 Rh5 31. Qf4 Qxf4 32. Rxf4 Kg7 33. Re7 d4 34. Nxd4 Re8 35. Ne6+ Kh6 36. Rxe8 Nxe8 37. Rxf7 Re5 38. Nd4 Re1+ 39. Kh2 Nd6 40. Rd7 Ne4 41. Re7 1-0

[Event "BEL-chT 0506"]
[Site "Belgium"]
[Date "2005.11.20"]
[Round "4"]
[White "Wantiez, Fabrice"]
[Black "Tolk, Pieter"]
[Result "1-0"]
[WhiteElo "2249"]
[BlackElo "2230"]
[PlyCount "79"]
[EventDate "2005.10.09"]
[EventType "team-tourn"]
[EventRounds "11"]
[EventCountry "BEL"]
[SourceTitle "EXT 2007"]
[Source "ChessBase"]
[SourceDate "2006.11.23"]
[SourceVersion "1"]
[SourceVersionDate "2006.11.23"]
[SourceQuality "1"]
[WhiteTeam "KSK47 Eynatten II"]
[BlackTeam "Deurne"]
[WhiteTeamCountry "BEL"]
[BlackTeamCountry "BEL"]

1. e4 d5 2. exd5 Qxd5 3. Nc3 Qa5 4. d4 Nf6 5. Bd2 c6 6. Bd3 Qb6 7. Qe2 Qxb2 8. Rb1 Qa3 9. Nf3 e6 10. Ne5 Qd6 11. Ne4 Nxe4 12. Qxe4 Nd7 13. Nf3 Nf6 14. Qh4 Qc7 15. 0-0 Be7 16. Rfe1 b5 17. Ne5 Bb7 18. Re2 Rd8 19. c3 Nd7 20. Qg4 Nxe5 21. Qxg7 Nxd3 22. Qxh8+ Bf8 23. Qxh7 Nf4 24. Re5 Nd5 25. c4 bxc4 26. Qh8 Kd7 27. Ba5 Nb6 28. Qf6 Kc8 29. h4 Qe7 30. Qf4 Bg7 31. Re4 Nd5 32. Bxd8 Kxd8 33. Qg3 Bf6 34. Rg4 e5 35. dxe5 Bxe5 36. Rxb7 Qxb7 37. Qxe5 Qb1+ 38. Kh2 Kd7 39. Rg7 Kc8 40. Rxf7 1-0

[Event "BEL-chT2 0405"]
[Site "Belgium"]
[Date "2004.10.10"]
[Round "1"]
[White "Tolk, Pieter"]
[Black "Van de Bourry, Daniel"]
[Result "1/2-1/2"]
[WhiteElo "2273"]
[BlackElo "2148"]
[PlyCount "141"]
[EventDate "2004.10.10"]
[EventType "team-swiss"]
[EventRounds "11"]
[EventCountry "BEL"]
[SourceTitle "EXT 2006"]
[Source "ChessBase"]
[SourceDate "2005.11.24"]
[SourceVersion "1"]
[SourceVersionDate "2005.11.24"]
[SourceQuality "1"]
[WhiteTeam "Deurne"]
[BlackTeam "Oostende"]
[WhiteTeamCountry "BEL"]
[BlackTeamCountry "BEL"]

1. d4 c5 2. d5 d6 3. e4 a6 4. Nf3 g6 5. Be2 Bg7 6. 0-0 Nf6 7. Nfd2 0-0 8. a4 b6 9. Nc3 Nbd7 10. f4 Rb8 11. Kh1 Qc7 12. Bc4 Ne8 13. Qe2 Qb7 14. Nf3 Nc7 15. e5 b5 16. axb5 axb5 17. Bd3 b4 18. Ne4 Qxd5 19. Neg5 Nb6 20. Be4 Qc4 21. Qxc4 Nxc4 22. Ra7 Ne6 23. Rxe7 h6 24. Nxe6 Bxe6 25. Bxg6 fxg6 26. b3 Rbe8 27. Rxe8 Rxe8 28. bxc4 Bxc4 29. Re1 d5 30. Nd2 Ba2 31. Bb2 c4 32. Bd4 Rc8 33. g4 b3 34. f5 c3 35. Nxb3 Bxb3 36. cxb3 c2 37. Bb2 d4 38. f6 d3 39. Bc1 Bf8 40. e6 Bb4 41. Bxh6 d2 42. f7+ Kh7 43. Bxd2 Bxd2 44. e7 Bxe1 45. f8Q Rxf8 46. exf8Q c1Q 47. Qe7+ Kh6 48. Qe6 Qd2 49. Qe4 Qf2 50. Qd3 Bd2 51. h3 Bf4 52. g5+ Kh5 53. Qd1+ Kxg5 54. Qd8+ Kf5 55. Qd5+ Be5 56. Qf7+ Bf6 57. Qd7+ Kg5 58. Qd5+ Kh4 59. Qe4+ Kxh3 60. Qd3+ Kh4 61. Qxg6 Bg5 62. Qe4+ Kg3 63. Qd3+ Be3 64. Qg6+ Kh4 65. Qe4+ Kh5 66. Qe8+ Kg4 67. Qe4+ Kh3 68. Qh7+ Kg3 69. Qg6+ Kf3 70. Qf6+ Bf4 71. Qc6+ 1/2-1/2

[Event "BEL-chT2 0304"]
[Site "Belgium"]
[Date "2004.01.25"]
[Round "2"]
[White "Tolk, Pieter"]
[Black "De Waal, Mark"]
[Result "1-0"]
[WhiteElo "2253"]
[BlackElo "2275"]
[PlyCount "169"]
[EventDate "2003.12.01"]
[EventType "team-tourn"]
[EventRounds "11"]
[EventCountry "BEL"]
[SourceTitle "EXT 2005"]
[Source "ChessBase"]
[SourceDate "2004.11.15"]
[SourceVersion "1"]
[SourceVersionDate "2004.11.15"]
[SourceQuality "1"]
[WhiteTeam "Deurne"]
[BlackTeam "Jean Jaures"]
[WhiteTeamCountry "BEL"]
[BlackTeamCountry "BEL"]

1. d4 Nf6 2. Nf3 e6 3. c4 c5 4. e3 d5 5. cxd5 Nxd5 6. e4 Nf6 7. Nc3 cxd4 8. Nxd4 Be7 9. Be3 0-0 10. f3 a6 11. Be2 e5 12. Nb3 Nc6 13. Qxd8 Rxd8 14. Bb6 Re8 15. Bc4 Bd8 16. Be3 Na5 17. Nxa5 Bxa5 18. Rc1 Be6 19. Bxe6 Rxe6 20. Ke2 Rd6 21. Na4 Ne8 22. Rc5 b5 23. Rhc1 Rad8 24. Nc3 Bxc3 25. R1xc3 f6 26. Rc8 Kf7 27. Rxd8 Rxd8 28. Rc6 Rd6 29. Rc8 g5 30. b3 Re6 31. g4 Ng7 32. Bc5 Kg6 33. a4 bxa4 34. bxa4 Re8 35. Rc6 Ne6 36. Be3 a5 37. Ra6 Nf4+ 38. Bxf4 gxf4 39. Rxa5 Rc8 40. Kd2 h5 41. gxh5+ Kxh5 42. Rd5 Kh4 43. Rd3 Kh3 44. a5 Kxh2 45. Ra3 Kg2 46. a6 Kf2 47. a7 Ra8 48. Kd1 Rd8+ 49. Kc2 Ra8 50. Kc1 Ke2 51. Kb2 Kf2 52. Kb1 Ke2 53. Kc2 Kf2 54. Kd2 Kg3 55. Ke1 Kg2 56. Ke2 Kg3 57. Kf1 Kh3 58. Kf2 Kh4 59. Ra1 Kg5 60. Rg1+ Kh6 61. Ra1 Kg5 62. Kg2 Kg6 63. Kh3 Kg5 64. Rg1+ Kh6 65. Kg4 Rxa7 66. Kf5 Ra3 67. Kxf6 Kh7 68. Rh1+ Kg8 69. Rh3 Ra5 70. Rh2 Ra3 71. Rf2 Ra5 72. Rf1 Kf8 73. Rd1 Kg8 74. Rd3 Rb5 75. Rd8+ Kh7 76. Rd7+ Kg8 77. Kf5 Rb3 78. Kg4 Rb6 79. Rd5 Rg6+ 80. Kf5 Rg3 81. Rd3 Kf7 82. Kxe5 Rg5+ 83. Kxf4 Rh5 84. Rd5 Rh1 85. Kg4 1-0

[Event "BEL-chT2 0304"]
[Site "Belgium"]
[Date "2003.11.02"]
[Round "3"]
[White "Mollekens, Roeland"]
[Black "Tolk, Pieter"]
[Result "0-1"]
[WhiteElo "2080"]
[BlackElo "2253"]
[PlyCount "78"]
[EventDate "2003.12.01"]
[EventType "team-tourn"]
[EventRounds "11"]
[EventCountry "BEL"]
[SourceTitle "EXT 2005"]
[Source "ChessBase"]
[SourceDate "2004.11.15"]
[SourceVersion "1"]
[SourceVersionDate "2004.11.15"]
[SourceQuality "1"]
[WhiteTeam "Borgerhout II"]
[BlackTeam "Deurne"]
[WhiteTeamCountry "BEL"]
[BlackTeamCountry "BEL"]

1. e4 d5 2. exd5 Qxd5 3. Nc3 Qa5 4. d4 Nf6 5. Bc4 c6 6. Bf4 Bg4 7. Qd2 e6 8. f3 Bf5 9. Nge2 Nbd7 10. g4 Bg6 11. h4 h5 12. g5 Nd5 13. Nxd5 Qxd2+ 14. Kxd2 cxd5 15. Bd3 Bxd3 16. Kxd3 Be7 17. Bd2 0-0 18. Nf4 g6 19. Rae1 Rfe8 20. Ng2 Rac8 21. f4 Bd6 22. Rhf1 Nb8 23. Ne3 Nc6 24. c3 Ne7 25. b3 b5 26. Rc1 Red8 27. Ra1 a6 28. a4 Ra8 29. a5 Rac8 30. b4 Bb8 31. Rab1 Re8 32. Rbe1 Rcd8 33. Rf2 Nc8 34. Nd1 Nd6 35. Ref1 Rc8 36. Nb2 Rc6 37. Rg2 Rec8 38. Rc1 Ne4 39. Rgg1 Nxd2 0-1

[Event "Geraardsbergen op"]
[Site "Geraardsbergen"]
[Date "2003.08.17"]
[Round "7"]
[White "Palazzo, Carlos Alberto"]
[Black "Tolk, Pieter"]
[Result "0-1"]
[WhiteElo "1907"]
[BlackElo "2241"]
[PlyCount "102"]
[EventDate "2003.08.??"]
[EventType "swiss"]
[EventRounds "7"]
[EventCountry "BEL"]
[SourceTitle "EXT 2005"]
[Source "ChessBase"]
[SourceDate "2004.11.15"]
[SourceVersion "1"]
[SourceVersionDate "2004.11.15"]
[SourceQuality "1"]

1. Nf3 g6 2. d4 Nf6 3. c4 Bg7 4. Nc3 0-0 5. e4 d6 6. Be2 c6 7. 0-0 a6 8. a4 a5 9. Rb1 Na6 10. Re1 Nd7 11. Na2 e5 12. b4 axb4 13. Nxb4 Nxb4 14. Rxb4 exd4 15. Rb1 c5 16. Bd2 Re8 17. Qc2 Ne5 18. Nxe5 dxe5 19. a5 Qc7 20. Bd3 Bd7 21. Rb6 Bc6 22. Reb1 Qd7 23. Qd1 Bf6 24. R6b2 Ra6 25. Qf3 Qe7 26. Qg3 Bh4 27. Qg4 h5 28. Qe2 Bg5 29. Rb6 Rea8 30. Rxa6 Rxa6 31. Be1 Kg7 32. Rb3 Qe6 33. h3 Bd8 34. Rb5 b6 35. Bd2 bxa5 36. Rxc5 Qd6 37. Rd5 Bxd5 38. exd5 Ra7 39. g4 hxg4 40. hxg4 Bb6 41. Qf3 Ra8 42. Qe4 Re8 43. f4 Bc7 44. f5 Bb6 45. Qf3 gxf5 46. gxf5 Rg8 47. Kf2 Kf8 48. f6 Bd8 49. Bh6+ Ke8 50. Bg7 Bb6 51. Qf5 Kd8 0-1

[Event "Geraardsbergen op"]
[Site "Geraardsbergen"]
[Date "2003.08.16"]
[Round "6"]
[White "Tolk, Pieter"]
[Black "Belouadah, Saad"]
[Result "1/2-1/2"]
[WhiteElo "2241"]
[BlackElo "2383"]
[PlyCount "180"]
[EventDate "2003.08.??"]
[EventType "swiss"]
[EventRounds "7"]
[EventCountry "BEL"]
[SourceTitle "EXT 2005"]
[Source "ChessBase"]
[SourceDate "2004.11.15"]
[SourceVersion "1"]
[SourceVersionDate "2004.11.15"]
[SourceQuality "1"]

1. d4 Nf6 2. Nf3 e6 3. c4 b6 4. g3 Ba6 5. Qc2 c6 6. Bg2 d5 7. b3 Bb4+ 8. Bd2 Be7 9. 0-0 Nbd7 10. Rc1 Rc8 11. cxd5 cxd5 12. Qd1 Rxc1 13. Bxc1 Ne4 14. Nfd2 Ndf6 15. Nxe4 Nxe4 16. Bb2 0-0 17. Nd2 Nd6 18. Rc1 Qa8 19. Bf1 Rc8 20. Ba3 Bf8 21. e3 Bb7 22. Bd3 Qb8 23. Rc2 g6 24. Qc1 Rxc2 25. Qxc2 Bg7 26. f4 Nf5 27. Kf2 a6 28. Nf3 Bf8 29. Bxf8 Kxf8 30. Bxf5 exf5 31. b4 Qd6 32. Qc3 Qc6 33. Qxc6 Bxc6 34. Ke1 Ke7 35. Kd2 f6 36. Kc3 Ba4 37. Ne1 Kd6 38. Nd3 Kc6 39. Nb2 Bb5 40. a4 Be2 41. Kd2 Bf1 42. Kc3 h6 43. Kd2 Kd6 44. Kc3 Ke6 45. Kd2 g5 46. Ke1 Bg2 47. Nd1 Be4 48. Kd2 Bg2 49. Nc3 Bf1 50. Kc2 Bc4 51. Kb2 Kd7 52. Kc2 Ke6 53. Kd2 Kf7 54. Ke1 Kg6 55. Kf2 Kh7 56. a5 b5 57. Nb1 Kg7 58. Nc3 Kf7 59. Ke1 Ke6 60. Kd2 Kd6 61. Ne2 Kd7 62. Nc1 Ke7 63. Nd3 Bxd3 64. Kxd3 Kf7 65. Ke2 Kg7 66. Kf2 Kg6 67. Kg2 Kh5 68. Kh3 Kg6 69. Kg2 Kh7 70. Kf2 Kg7 71. Kf3 Kf7 72. Kf2 Ke8 73. Ke1 Kd8 74. Kd1 Kc8 75. Kc1 Kb8 76. Kb1 Ka8 77. Ka1 Ka7 78. Ka2 Kb7 79. Kb2 Kc6 80. Kc3 Kd6 81. Kd3 Ke7 82. Ke2 Kf7 83. Kf2 Kg6 84. Kg2 h5 85. Kf2 h4 86. Kg2 Kh6 87. Kf2 Kh7 88. Kf3 gxf4 89. Kxf4 hxg3 90. hxg3 Kg6 1/2-1/2

[Event "Geraardsbergen op"]
[Site "Geraardsbergen"]
[Date "2003.08.15"]
[Round "3"]
[White "Van der Stricht, Geert"]
[Black "Tolk, Pieter"]
[Result "1-0"]
[WhiteElo "2461"]
[BlackElo "2241"]
[PlyCount "83"]
[EventDate "2003.08.??"]
[EventType "swiss"]
[EventRounds "7"]
[EventCountry "BEL"]
[SourceTitle "EXT 2005"]
[Source "ChessBase"]
[SourceDate "2004.11.15"]
[SourceVersion "1"]
[SourceVersionDate "2004.11.15"]
[SourceQuality "1"]

1. d4 Nf6 2. c4 e6 3. Nc3 Bb4 4. e3 Nc6 5. Nge2 d5 6. cxd5 exd5 7. Nf4 0-0 8. Qb3 Bxc3+ 9. bxc3 Nb8 10. Bd3 c6 11. 0-0 Nbd7 12. c4 dxc4 13. Bxc4 Nb6 14. Bd3 Re8 15. a4 Nbd5 16. Nxd5 Qxd5 17. Bc4 Qh5 18. f3 b6 19. e4 Be6 20. Be3 Bxc4 21. Qxc4 Rac8 22. Rfc1 Nd7 23. Bf2 Qg6 24. Qa6 Rc7 25. Bg3 Nb8 26. Qc4 Rd7 27. Rc2 Qf6 28. Rd1 c5 29. d5 Nc6 30. Rcd2 Nd4 31. Bf2 Qd6 32. Bxd4 cxd4 33. Rc2 f5 34. Qxd4 fxe4 35. fxe4 Qe5 36. Qxe5 Rxe5 37. Rd4 Kf7 38. Kf2 Ke7 39. Ke3 g5 40. Rc6 Rb7 41. Rdc4 Kd7 42. Kd4 1-0

[Event "Geraardsbergen op"]
[Site "Geraardsbergen"]
[Date "2003.08.14"]
[Round "2"]
[White "Tolk, Pieter"]
[Black "Ringoir, Guy"]
[Result "1-0"]
[WhiteElo "2241"]
[BlackElo "1956"]
[PlyCount "63"]
[EventDate "2003.08.??"]
[EventType "swiss"]
[EventRounds "7"]
[EventCountry "BEL"]
[SourceTitle "EXT 2005"]
[Source "ChessBase"]
[SourceDate "2004.11.15"]
[SourceVersion "1"]
[SourceVersionDate "2004.11.15"]
[SourceQuality "1"]

1. d4 Nf6 2. Nf3 c5 3. e3 e6 4. c3 d5 5. Bd3 Bd6 6. 0-0 0-0 7. Nbd2 b6 8. Qe2 Bb7 9. dxc5 Bxc5 10. e4 dxe4 11. Nxe4 Nxe4 12. Bxe4 Bxe4 13. Qxe4 Nd7 14. Qe2 Qc7 15. Bg5 h6 16. Bh4 Rfe8 17. Rfd1 Be7 18. Bg3 Qb7 19. Nd4 Nf6 20. Rd3 a6 21. Be5 Rad8 22. Re1 b5 23. Rg3 Rd5 24. Nf5 exf5 25. Bxf6 g6 26. Re3 Bxf6 27. Rxe8+ Kg7 28. h3 Qd7 29. Qe3 Rd2 30. Qc5 Rxb2 31. Qf8+ Kh7 32. Qg8# 1-0

[Event "BEL-chT2 0203"]
[Site "Belgium"]
[Date "2003.01.06"]
[Round "6"]
[White "Van den Brande, Werner"]
[Black "Tolk, Pieter"]
[Result "0-1"]
[WhiteElo "2264"]
[BlackElo "2255"]
[PlyCount "80"]
[EventDate "2002.10.01"]
[EventType "team"]
[EventRounds "11"]
[EventCountry "BEL"]
[SourceTitle "EXT 2004"]
[Source "ChessBase"]
[SourceDate "2003.11.25"]
[SourceVersion "1"]
[SourceVersionDate "2003.11.25"]
[SourceQuality "1"]

1. e4 d5 2. exd5 Qxd5 3. Nc3 Qa5 4. d4 Nf6 5. Nf3 c6 6. Bc4 Bf5 7. Bd2 e6 8. Nd5 Qd8 9. Nxf6+ Qxf6 10. Qe2 Nd7 11. Bg5 Qg6 12. 0-0-0 Bg4 13. Be3 0-0-0 14. h3 Bxf3 15. Qxf3 Bd6 16. g3 Qf6 17. Qh5 Qe7 18. Qa5 Nb6 19. Bf1 Kb8 20. f4 Nd5 21. Bf2 h6 22. c4 Nf6 23. Bg2 Bc7 24. Qa4 Nd7 25. Kb1 Nb6 26. Qb3 g5 27. fxg5 Qxg5 28. Ka1 Rhg8 29. g4 h5 30. Bf3 hxg4 31. hxg4 Rh8 32. a3 Qf4 33. Rdf1 Rxh1 34. Rxh1 Nxc4 35. Be1 Qxd4 36. Bc3 Qc5 37. Rh5 Qg1+ 38. Ka2 Nb6 39. a4 Qf1 40. Be4 Rd1 0-1

[Event "BEL-chT2 0102"]
[Site "Belgium"]
[Date "2002.02.03"]
[Round "8"]
[White "Van de Bourry, Daniel"]
[Black "Tolk, Pieter"]
[Result "0-1"]
[WhiteElo "2182"]
[BlackElo "2244"]
[PlyCount "74"]
[EventDate "2001.10.01"]
[EventType "team"]
[EventRounds "11"]
[EventCountry "BEL"]
[SourceTitle "EXT 2003"]
[Source "ChessBase"]
[SourceDate "2002.11.25"]
[SourceVersion "1"]
[SourceVersionDate "2002.11.25"]
[SourceQuality "1"]

1. e4 d5 2. exd5 Qxd5 3. Nc3 Qa5 4. d4 Nf6 5. Nf3 c6 6. Bc4 Bf5 7. 0-0 e6 8. Bf4 Nbd7 9. Qd2 Bb4 10. Nh4 Be4 11. a3 Bxc3 12. bxc3 h6 13. Nf3 Bxf3 14. gxf3 Nd5 15. Bd6 N7b6 16. Bb3 Qxc3 17. Qe2 0-0-0 18. Be5 f6 19. Bg3 Rhe8 20. Rad1 g5 21. Rd3 Qb2 22. Qe4 f5 23. Qe5 f4 24. c4 Nc7 25. Re1 fxg3 26. fxg3 Qxa3 27. c5 Nd7 28. Qe2 Qb4 29. Rb1 Nb5 30. Qe3 e5 31. Bc2 exd4 32. Qf2 Qxc5 33. Rdb3 d3 34. Bxd3 Qxf2+ 35. Kxf2 Nc5 36. Bf5+ Kc7 37. R3b2 Nc3 0-1